000 00552nam a2200157Ia 4500
008 140609s9999 xx 000 0 und d
020 _a9789712334962
050 _aDS 675.8R6
_b.Ad19 2002
100 _aAdanza, Estela G.
245 _aIsang aklat sa pandalubhasaang kurso :
_bJose P. Rizal : ang kanyang buhay, ginawa at naging bahagi si Himagsikang Pilipino /
_cEstela G. Adanza, Libert A. Acibo
260 _aManila, Philippines :
_bRex Book Store,
_cc2002.
300 _a211 p. ;
_c23 cm.
521 _aGE
942 _kLOC
_cBK
999 _c117897
_d117897